Guess the Animals - Statistics

General Stats
  • This quiz has been taken 6 times
  • The average score is 10 of 16
Answer Stats
Picture Answer % Correct
Ant
83%
Chick
83%
Dolphin
83%
Duck
83%
Rat
83%
Turtle
83%
Tyrannosaurus Rex
83%
Capybara
67%
Jellyfish
67%
Lizard
67%
Seahorse
67%
Goose
50%
Mantis Shrimp
33%
Anchovy
17%
Dust Mite
17%
Fruit Dove
17%
No matching quizzes found
Score Distribution
Percent of People with Each Score
Percentile by Number Answered
Your Score History
You have not taken this quiz